Online
Catalog

San José de las Matas : (Record no. 58319)

MARC details
000 -CABECERA
campo de control de longitud fija 02545nam a22003017i 4500
003 - IDENTIFICADOR DEL NÚMERO DE CONTROL
campo de control DO-SdBNP
005 - FECHA Y HORA DE LA ÚLTIMA TRANSACCIÓN
campo de control 20250313135520.0
007 - CAMPO FIJO DE DESCRIPCIÓN FÍSICA--INFORMACIÓN GENERAL
campo de control de longitud fija ta
008 - DATOS DE LONGITUD FIJA--INFORMACIÓN GENERAL
campo de control de longitud fija 250305b2001 dr ac||| |||| 00| 0 eng d
020 ## - NÚMERO INTERNACIONAL ESTÁNDAR DEL LIBRO
Número Internacional Estándar del Libro 9993481734
040 ## - FUENTE DE LA CATALOGACIÓN
Centro catalogador/agencia de origen DO-SdBNP
Lengua de catalogación spa
Centro/agencia transcriptor BNPHU
Normas de descripción rda
041 ## - CÓDIGO DE LENGUA
Código de lengua del texto/banda sonora o título independiente spa
082 #4 - NÚMERO DE LA CLASIFICACIÓN DECIMAL DEWEY
Número de clasificación 972.9356
Número de documento/Ítem E77sa
Número de edición 22
100 1# - ENTRADA PRINCIPAL--NOMBRE DE PERSONA
Nombre de persona Espinal Estévez, Piero
Fechas asociadas al nombre 1974-
Código de función/relación aut.
9 (RLIN) 21618
Término indicativo de función/relación autor
245 1# - MENCIÓN DE TÍTULO
Título San José de las Matas :
Resto del título apuntes para su historia /
Mención de responsabilidad, etc. Piero Espinal Estévez.
264 ## - PRODUCCIÓN, PUBLICACIÓN, DISTRIBUCIÓN, FABRICACIÓN Y COPYRIGHT
Producción, publicación, distribución, fabricación y copyright Santo Domingo, República Dominicana :
Nombre del de productor, editor, distribuidor, fabricante Editorial Letra Gráfica,
Fecha de producción, publicación, distribución, fabricación o copyright ©2001.
300 ## - DESCRIPCIÓN FÍSICA
Extensión 264 páginas :
Otras características físicas ilustraciones, fotografías;
Dimensiones 23 cm.
336 ## - TIPO DE CONTENIDO
Término de tipo de contenido texto
Código de tipo de contenido txt
Fuente rdacontent
337 ## - TIPO DE MEDIO
Nombre/término del tipo de medio sin mediación
Código del tipo de medio n
Fuente rdamedia
338 ## - TIPO DE SOPORTE
Nombre/término del tipo de soporte volumen
Código del tipo de soporte nc
Fuente rdacarrier
505 ## - NOTA DE CONTENIDO CON FORMATO
Nota de contenido con formato Fundación de San José de las Matas 7|HISTORIA POLITICA Y MILITAR DE SAN JOSÉ DE LAS MATAS |El San José de las Matas patriótico 11|Revolución de 1857 17|Guerra de la Restauración 18|Revolución de 1912 19|Gobierno de Horacio Vásquez 23|Crónicas de la política en San José de las Matas 27|Alcaldes Comunales de San José de las Matas 34|Comandantes de Armas de San José de las Matas 37|Ayuntamiento 40|ERA DE TRUJILLO|Asesinato de Virgilio Martínez Reyna 54|Asesinato de los Hermano Perozo 56|Sede del Gobierno Nacional 57|Las suntuosas bodas Rubirosa-Trujillo 60|Divorcio Rubirosa-Trujillo 61|Voto electoral femenino trujillista 63|Un "no" a Trujillo 65|DESARROLLO URBANO|Calles 70|Carretera San José de las Matas-Santiago 71|Carretera Cibao-Sur 77|Fego de 1938 80|Fuego de 1954 82|Cuerpo de Bomberos 87|RELIGION 88|Cultura religiosa 100|La Semana Santa ancestral 102|EDUCACION 107|SALUD|La medicina en San José de las Matas 118|La medicina casera 121|Peculiaridades del lenguaje del paciente en nuestra zona rural 126|CULTURA|Sociedad Ornato y Progreso 130|Sociedad cultural Lira Serrana 131|Fiestas Patronales 133|Música 139|Artes plásticas 154|Fotografía 156|Movimiento Scout 157|FOLKLORE|Personajes pintorescos 160|Familias pintorescas 172|Zoológico municipal 172|DEPORTES|Béisbol 173|Softball 186|Voleibol 191|SAN JOSE DE LAS MATAS HOY 200|APENDICES 205
590 ## - NOTA LOCAL (RLIN)
Nota local Inventariado, 2023 /LP
650 #7 - PUNTO DE ACCESO ADICIONAL DE MATERIA--TÉRMINO DE MATERIA
Término de materia o nombre geográfico como elemento de entrada Ciudades y pueblos (República Dominicana)
Subdivisión general Historia local
Fuente del encabezamiento o término LEMB
9 (RLIN) 11182
651 #7 - PUNTO DE ACCESO ADICIONAL DE MATERIA--NOMBRE GEOGRÁFICO
Nombre geográfico San José de las Matas (República Dominicana)
Subdivisión general Historia local
Fuente del encabezamiento o término LEMB
9 (RLIN) 45105
651 #7 - PUNTO DE ACCESO ADICIONAL DE MATERIA--NOMBRE GEOGRÁFICO
Nombre geográfico San José de las Matas (República Dominicana)
Subdivisión general Vida social y costumbres
Fuente del encabezamiento o término LEMB
9 (RLIN) 1693
910 ## - DATOS DE OPCIÓN DEL USUARIO (OCLC)
Datos de opción del usuario Validado. Control de calidad MFF
942 ## - ELEMENTOS DE PUNTO DE ACCESO ADICIONAL (KOHA)
Fuente del sistema de clasificación o colocación Dewey Decimal Classification
Tipo de ítem Koha Libro
Holdings
Estado de retiro Estado de pérdida Fuente del sistema de clasificación o colocación No para préstamo Código de colección Localización permanente Ubicación/localización actual Ubicación en estantería Fecha de adquisición Fuente de adquisición Total de préstamos Signatura topográfica completa Código de barras Fecha visto por última vez Precio válido a partir de Tipo de ítem Koha Nota pública
    Dewey Decimal Classification   Patrimonio Dominicano Biblioteca Nacional Pedro Henríquez Ureña Biblioteca Nacional Pedro Henríquez Ureña Depósito 05.03.2025 Donado por la Presidencia de la República Dominicana   BNPHU PD 972.9356 E77sa 2025-1457 05.03.2025 05.03.2025 Libro Perteneció a la biblioteca personal de Emilio Cordero Michel

Powered by Koha